Riadenie skladu kráča smerom k vyššej efektivite
Pestrosť palety logistických procesov sa s rastom podnikania prirodzene rozširuje. Pomôcť nestratiť sa vo vlastnom sklade umožňujú komplexné informačné systémy. Kým tie jednoduchšie možno zapojiť priamo "z krabice", majstri veľkého skladovania poznajú spôsoby, ako riadenie skladu posunúť na vyššiu ú...
Guardado en:
| Autor principal: | |
|---|---|
| Formato: | Capítulo de libro |
| Lenguaje: | eslovaco |
| Materias: | |
| Etiquetas: |
Sin Etiquetas, Sea el primero en etiquetar este registro!
|
MARC
| LEADER | 00000naa a2200000 4500 | ||
|---|---|---|---|
| 001 | 0299775 | ||
| 005 | 20240417075309.2 | ||
| 041 | 0 | |a slo | |
| 044 | |a CZ | ||
| 245 | 1 | 0 | |a Riadenie skladu kráča smerom k vyššej efektivite |c Vladimír Maťo |
| 520 | |a Pestrosť palety logistických procesov sa s rastom podnikania prirodzene rozširuje. Pomôcť nestratiť sa vo vlastnom sklade umožňujú komplexné informačné systémy. Kým tie jednoduchšie možno zapojiť priamo "z krabice", majstri veľkého skladovania poznajú spôsoby, ako riadenie skladu posunúť na vyššiu úroveň zapriahnutím celej plejády vzájomne prepojených aplikácii. | ||
| 610 | 2 | 0 | |a logistika |
| 610 | 2 | 0 | |a sklady |
| 610 | 2 | 0 | |a technológie informačné |
| 610 | 2 | 0 | |a efektívnosť |
| 100 | 1 | |a Maťo, Vladimír | |